1765 1858 1550 1925 1819 1943 1506 1054 1739 1637 1852 1739 1576 1523 1030 1391 1451 1927 1838 1390 1794 1601 1598 1729 1541 1564 1273 1213 1172 1210 1611 1999 1850 1062 1777 1344 1785 1870 1601 1719 1965 1535 1585 1086 1485 1960 1898 1156 1883 1435 1671 1229 1725 1839 1698 1467 1840 1900 1751 1181 1283 1331 1099 1929 1707 1641 1143 1834 1969 1192 1229 1328 1663 1494 1214 1650 1817 1679 1469 1897 1972 1553 1407 1982 1058 1041 1835 1357 1598 1913 1527 1310 1544 1258 1596 1187 1694 1681 1126 BCNSPRNW ULIB Ver.6.0+V

เปลี่ยนเป็นภาษาไทย

Change to English
 แสดงรายละเอียดบรรณานุกรม
  กลับหน้าหลัก

Brief Record : Get Marc (ISO 2709) : E-mail record : QR code < ปิดหน้าต่าง
LEADER : 00000nam 2200000uu 4500
001    13399112594
003     ULIB
008    110826s2551||||th 000 0 tha d
020    9789740626589
050  4 HQ772^bS111ส 2551
110 2  ซัมซุงพับลิชิง คอมพานี
245 10 สมองซีกขวาพัฒนาได้ไร้ขีดจำกัด สำหรับ 4-5 ปี /^cซัมซุงพับลิชิง คอมพานี
250    พิมพ์ครั้งที่ 1
260    กรุงเทพฯ :^bนานมีบุ๊คส์พับลิเคชั่นส์ ,^c2551
300    96 หน้า :^bภาพประกอบ
945    ^p195^l0^i024686
945    ^p195^l0^i024687
995    ทศพร
999 ^a ทศพร
รายการนี้ยังไม่มีแท็ก
คุณยังไม่ได้ล็อกอิน คุณสามารถมีกิจกรรมร่วมกับเว็บไซต์ได้ แต่ต้องล็อกอินก่อน ::
  ล็อกอิน

รายการสื่อสารสนเทศ

ลำดับที่ ประเภท เลขเรียก/บาร์โค้ด สถานที่ สถานะ
- ไม่พบข้อมูล -

BibComment


ยังไม่เคยถูกคอมเมนท์

คอมเมนท์ทรัพยากรรายการนี้
  คอมเมนท์: สมองซีกขวาพัฒนาได..


 Copyright 2026. Bcnsprnw @Library